000 00719nam a22002297a 4500
003 UA-OsUOA
001 96507
007 ta
008 20130319b un ||||| |||| 00| 0 ukr d
100 _aГнатик Я.Б.
700 _aМаслій В.В.
090 _a330
_bГ56
942 _cSA
040 _aUA-OsUOA
_bukr
_cUA-OsUOA
_dUA-OsUOA
245 _aДержавні транснаціональні компанії як учасники міжнародної інвестиційної діяльності
300 _aС.27-34
955 _a0
041 _aukr
080 _a330
773 0 _w96495
_tСтатистика України
_dК.
_d2012
_g4
650 7 _a330 Економіка взагалі
_2UDC
999 _c382759
_d382759